[Event "Budapest FS02 Nadassy"]
[Site "Budapest"]
[Date "2020.02.08"]
[Round "7.6"]
[White "Koczo, Kristof"]
[Black "Mao, Yingzhou"]
[Result "1-0"]
[WhiteElo "2070"]
[BlackElo "1938"]
[PlyCount "75"]
[EventDate "2020.02.01"]
[EventType "team-schev"]
[EventRounds "14"]
[EventCountry "HUN"]
[SourceTitle "CBM 194 Extra"]
[Source "ChessBase"]
[SourceDate "2020.03.31"]
[SourceVersion "1"]
[SourceVersionDate "2020.03.31"]
[SourceQuality "1"]
[WhiteTeam "A Team Higher Elo"]
[BlackTeam "B Team Lower Elo"]
[WhiteTeamCountry "HUN"]
[BlackTeamCountry "HUN"]

1. d4 Nf6 2. c4 e6 3. Nc3 Bb4 4. e3 c5 5. Nge2 0-0 6. a3 cxd4 7. axb4 dxc3 8. Nxc3 d5 9. cxd5 exd5 10. Be2 Nc6 11. b5 Ne7 12. Bf3 Be6 13. 0-0 Qb6 14. Qe2 Nf5 15. Na4 Qc7 16. Bd2 b6 17. Rfc1 Qe7 18. Qe1 Rfd8 19. Bb4 Qe8 20. Rc6 Bd7 21. Rxf6 gxf6 22. Bxd5 Rac8 23. Nc3 Bxb5 24. Rxa7 Bc4 25. Ne4 Kg7 26. Rxf7+ Qxf7 27. Bxf7 Kxf7 28. h3 Rd3 29. Qe2 Rg8 30. Qh5+ Ke6 31. g4 Rd1+ 32. Kh2 Ne7 33. Qxh7 Re8 34. Bxe7 Rxe7 35. Qg8+ Rf7 36. Qc8+ Rfd7 37. Qxc4+ Ke7 38. Qc6 1-0

[Event "Budapest FS02 Nadassy"]
[Site "Budapest"]
[Date "2020.02.03"]
[Round "3.3"]
[White "Mayer, Istvan"]
[Black "Mao, Yingzhou"]
[Result "0-1"]
[WhiteElo "1926"]
[BlackElo "1938"]
[PlyCount "84"]
[EventDate "2020.02.01"]
[EventType "team-schev"]
[EventRounds "14"]
[EventCountry "HUN"]
[SourceTitle "CBM 194 Extra"]
[Source "ChessBase"]
[SourceDate "2020.03.31"]
[SourceVersion "1"]
[SourceVersionDate "2020.03.31"]
[SourceQuality "1"]
[WhiteTeam "A Team Higher Elo"]
[BlackTeam "B Team Lower Elo"]
[WhiteTeamCountry "HUN"]
[BlackTeamCountry "HUN"]

1. e4 c5 2. Nf3 Nc6 3. d4 cxd4 4. Nxd4 Nf6 5. Nc3 e5 6. Ndb5 d6 7. Bg5 a6 8. Na3 b5 9. Nd5 Be7 10. Nxe7 Nxe7 11. Bxf6 gxf6 12. c4 Qa5+ 13. Qd2 Qxd2+ 14. Kxd2 b4 15. Nc2 a5 16. b3 f5 17. f3 fxe4 18. fxe4 f5 19. Bd3 Rg8 20. g3 Bb7 21. Rhe1 fxe4 22. Bxe4 Bxe4 23. Rxe4 Nc6 24. Rf1 Rf8 25. Ree1 Kd7 26. g4 Ke6 27. g5 a4 28. h4 axb3 29. axb3 Na5 30. Nxb4 Nxb3+ 31. Kc3 Nd4 32. Nc2 Ne2+ 33. Kd2 Ng3 34. Nd4+ Kd7 35. Rxf8 Rxf8 36. Rg1 Rf4 37. Rxg3 Rxd4+ 38. Kc3 Rxh4 39. g6 hxg6 40. Rxg6 Kc6 41. Rg8 Rd4 42. Rg5 Kc5 0-1

[Event "Budapest FS02 Nadassy"]
[Site "Budapest"]
[Date "2020.02.02"]
[Round "2.3"]
[White "Mao, Yingzhou"]
[Black "Poor, Sandor"]
[Result "1-0"]
[WhiteElo "1938"]
[BlackElo "2109"]
[PlyCount "115"]
[EventDate "2020.02.01"]
[EventType "team-schev"]
[EventRounds "14"]
[EventCountry "HUN"]
[SourceTitle "CBM 194 Extra"]
[Source "ChessBase"]
[SourceDate "2020.03.31"]
[SourceVersion "1"]
[SourceVersionDate "2020.03.31"]
[SourceQuality "1"]
[WhiteTeam "B Team Lower Elo"]
[BlackTeam "A Team Higher Elo"]
[WhiteTeamCountry "HUN"]
[BlackTeamCountry "HUN"]

1. d4 Nf6 2. c4 e6 3. g3 d5 4. Bg2 Be7 5. Nf3 0-0 6. 0-0 b6 7. cxd5 exd5 8. Nc3 Bb7 9. Ne5 c6 10. Qb3 Na6 11. Rd1 b5 12. e4 b4 13. exd5 cxd5 14. Ne2 Qb6 15. Bg5 Nc7 16. Bxf6 Bxf6 17. Nd7 Qd6 18. Nxf8 Rxf8 19. a3 Ba6 20. Nf4 Bc4 21. Qxb4 Qxb4 22. axb4 a6 23. Bf1 Rb8 24. Bxc4 dxc4 25. Rac1 Rxb4 26. b3 Rxb3 27. Rxc4 Bd8 28. Nd5 Ne6 29. Rc8 Kf8 30. Ne3 Ke7 31. Ra8 Nc7 32. Ra7 Kd6 33. d5 g6 34. Nc4+ Kc5 35. Na5 Rb5 36. Nc6 Kb6 37. Rc1 Nxd5 38. Rxf7 Bf6 39. Nb8 Ka5 40. Rf8 Bb2 41. Rc4 Nb4 42. Nc6+ Nxc6 43. Rxc6 Bd4 44. Rf7 Rb2 45. Re6 Rd2 46. Kf1 Kb5 47. Ke1 Bc3 48. Rb7+ Ka5 49. Kf1 Bd4 50. Re2 Rxe2 51. Kxe2 h5 52. f3 Ka4 53. Kd3 Bg1 54. Kc4 Ka5 55. h3 Bh2 56. Rg7 Bxg3 57. Rxg6 h4 58. Rf6 1-0

[Event "Gibraltar Challengers op-B"]
[Site "Caleta"]
[Date "2020.01.25"]
[Round "1"]
[White "Mao, Yingzhou"]
[Black "Hristodorescu, Daniel"]
[Result "0-1"]
[WhiteElo "1948"]
[BlackElo "2172"]
[PlyCount "122"]
[EventDate "2020.01.25"]
[EventType "swiss"]
[EventRounds "5"]
[EventCountry "GGB"]
[SourceTitle "CBM 194 Extra"]
[Source "ChessBase"]
[SourceDate "2020.03.31"]
[SourceVersion "1"]
[SourceVersionDate "2020.03.31"]
[SourceQuality "1"]

1. d4 Nf6 2. Nf3 g6 3. g3 Bg7 4. Bg2 0-0 5. 0-0 c6 6. c4 d6 7. Nc3 Bf5 8. Ne1 Qc8 9. e4 Bg4 10. f3 Bd7 11. a4 a5 12. Nd3 Na6 13. Bg5 h6 14. Be3 Nb4 15. Qd2 Kh7 16. g4 Ng8 17. Rae1 f5 18. exf5 gxf5 19. h3 e5 20. dxe5 dxe5 21. Bc5 Re8 22. Nd1 Nxd3 23. Qxd3 Kh8 24. Ne3 f4 25. Nd1 b5 26. Nf2 Be6 27. b3 bxc4 28. bxc4 Qa6 29. Rc1 Rad8 30. Qc2 Nf6 31. h4 Bg8 32. g5 Nd7 33. Bd6 Nb6 34. c5 Nc4 35. gxh6 Bxh6 36. Qe2 Bd5 37. Ng4 Bg7 38. h5 Rxd6 39. cxd6 Qa7+ 40. Qf2 Qxf2+ 41. Rxf2 Nxd6 42. h6 Bf8 43. Nf6 Rd8 44. Rd2 Nb7 45. Rcd1 Bb4 46. Rd3 Nc5 47. Bh3 Nxd3 48. Rxd3 Bc5+ 49. Kh2 Bd4 50. Bd7 Bc4 51. Rd2 Bb3 52. h7 c5 53. Re2 e4 54. Rxe4 Bxf6 55. Bf5 Bc2 56. Re6 Bxf5 57. Rxf6 Rd2+ 58. Kg1 Bxh7 59. Rxf4 Bg8 60. Kf1 c4 61. Ke1 Ra2 0-1